| 000 | 00571nam a2200193 a 4500 | ||
|---|---|---|---|
| 005 | 20210223130328.0 | ||
| 008 | 071017s2000 mx r 000 0 spa d | ||
| 020 | _a9505572794 | ||
| 035 | _aUPN01000153020 | ||
| 049 | _aCG | ||
| 050 | 4 |
_aHV6322.7 _bP5.4 |
|
| 100 | 1 | _aPiralian, Héléne | |
| 245 | 1 | 0 |
_aGenocidio y transmisión / _cHéléne Piralian ; pról. de Héctor Schmucler ; tr. Horacio Pons. |
| 260 |
_aMéxico : _bFCE, _c2000. |
||
| 300 | _a153 p. | ||
| 534 |
_pTítulo original: _tGénocide et transmission |
||
| 650 | 4 |
_aGENOCIDIO _98099 |
|
| 905 | _aLibro | ||
| 999 |
_c125143 _d125143 |
||